000 01006nam a22002657a 4500
003 OSt
005 20260601193906.0
008 260520b |||||||| |||| 00| 0 eng d
020 _a9786078880065
040 _aICI
_bspa
_cICI
041 _aspa
050 _aNA737.G66
_bA4 2023
100 _aGonzález, René,
_d1963
_earquitecto
_934537
245 _aRene Gonzalez Architects
_bnot the little house on the prairie = (No) la pequeña casa en la pradera /
260 _aCiudad de México :
_bArquine,
_c2023
300 _a111 páginas :
_bilustraciones, fotografías a color
546 _aTexto en español e inglés
650 _aFirmas arquitectónicas
_vCatálogos
_zFlorida
_934538
650 _aArquitectura
_vDiseños y planos
_xHistoria
_ySiglo XXI
_zFlorida
_934539
700 _aHernández Nichols, Cecilia,
_eautor
_934540
700 _aRenfro, Charles,
_eautor
_934541
700 _aStavaridis, Michael
_efotógrafo
_934542
700 _aHernandez Galvez, Alejandro
_etraductor
942 _2lcc
_cB
_n1
999 _c22413
_d22413